| 000 | 01437nab a2200217 i 4500 | ||
|---|---|---|---|
| 001 | 768714001 | ||
| 003 | CO-MdFUSB | ||
| 005 | 20240618112828.0 | ||
| 008 | 240618t1988 us ||||| |||| 00| 0 eng d | ||
| 040 |
_bspa. _cCO-MdFUSB _dCO-MdFUSB |
||
| 100 |
_aThomas, Norman E., _eautor |
||
| 245 | 1 |
_aLiberation for life : _ba hindu liberation philosophy _c/ Norman E. Thomas |
|
| 520 | _aEl hinduismo tiene su propia teología (o filosofía) de la liberación. Tiene sus raíces en la comprensión de la liberación (oksha ) y la liberación ( mukti ) en el hinduismo clásico. Este artículo es un estudio del ideal de liberación en la vida ( jivanmukti ) tal como se encuentra en el pensamiento del filósofo vedanta Shankara, en las creencias y prácticas devocionales Shaiva Siddhanta del sur de la India y en la ética social de Swami Vivekananda y Mohandas Gandhi. L as evaluaciones de teólogos indios contemporáneos sugieren puntos de encuentro entre hindúes y cristianos que sostienen teologías de la liberación. | ||
| 546 | _aTexto en inglés. | ||
| 650 | 0 |
_aCristianismo y otras religiones _xHinduismo. _91248 |
|
| 650 | 7 |
_aTeología de la liberación _9449 |
|
| 650 | 7 |
_aAntropología cultural y social _96714 |
|
| 773 | 0 |
_049486 _982776 _d Pasadena _oR2651 _tMissiology: _w(CO-MdFUSB)97 _gVolumen 16, (número 2, 1988) páginas: 149 - 162 _qpágina: 149 |
|
| 942 | _cANA | ||
| 945 | _aCatherine Arias Álvarez - Practicante SENA | ||
| 999 |
_c70246 _d70246 |
||